00410nam a22001457a 4500003000900000005001700009008004100026040003300067041000800100080001100108100001700119245006700136260003800203300002300241LK-CoDNM20240925093743.0240925b |||||||| |||| 00| 0 eng d aLK-CoDNMdLK-CoDNMeLK-CoDNM aeng a22bC1 aDunstan R.W. aReport On The Results Of The Mineral Survey In 1905-6bNo. 42 aLondon bStationery Office c1907 a42p. : map , 24 cm